01567nam a2200385 a 45000010008000000030009000080050017000170070008000340080041000420200019000830400022001020920028001241000041001522450140001932500031003332600053003643000036004174900010004535000052004635050134005156500040006496500049006896500041007386500035007796500040008147000031008547000027008858300010009129100037009229420012009599450039009719520138010109560018011489990015011660000247DO-SdBNP20180306110229.00000247150130s2010 dr abc 000 0 spa d a9789945444093  aBPMSUbspacBPMSU a372.7bR788m, 7mo. 20101 aRosa, María del Jesús de la Rosa10aMatemática 7 :b[educación básica] /cMaría del Jesús de la Rosa, Francisca Antonia Medrano ; ilustraciones Ramón Sandoval. a2a. ed. rev. y actualizada aSanto Domingo :bActualidad Escolar 2000,c2010. a192 p. :bil., retrs. ;c28 cm.1 aSigma aLa biblioteca solamente posee el libro de texto1 tNúmeros enteros (Z) --tNúmeros racionales (Q) --tZonas de vida en la República Dominicana --tLaguna Cabral o Rincón -- aMATEMÁTICASxENSEÑANZA BÁSICA aEDUCACIÓN PRIMARIAzREPÚBLICA DOMINICANA aMATEMÁTICASxENSEÑANZA ELEMENTAL aMATEMÁTICASxLIBRO DE TEXTOS aMATEMÁTICAxESTUDIOS Y EJERCICIOS1 aMedrano, Francisca Antonia1 aSandoval, Ramóneil. 0aSigma aValidado. Control de calidad MFF 2ddccBK aRemanejado para la BNPHU / 2018 VM 00102ddc40708CEaBPMETbBPMETd2016-04-06eDonaciónl0o372.7 R788m, 7mo. 2010pBPMSU16040146r2016-04-06w2016-04-06yBK aYLOCKWARDb10 c9580d9580